书目信息 |
| 题名: |
猫鼠一家
|
|
| 作者: | 任绍伟 主编 | |
| 分册: | ||
| 出版信息: | 长春 时代文艺出版社 2010.01 |
|
| 页数: | 198页 | |
| 开本: | 19cm | |
| 丛书名: | 幽默笑话系列丛书 | |
| 单 册: | ||
| 中图分类: | I277.8 | |
| 科图分类: | ||
| 主题词: | 笑话--xiao hua--中国--现代--选集 | |
| 电子资源: | ||
| ISBN: | 978-7-5387-2872-9 | |
| 000 | 00915nam 2200253 450 | |
| 001 | 012010272913 | |
| 005 | 20100805172006.89 | |
| 010 | @a978-7-5387-2872-9@dCNY9.80 | |
| 100 | @a20100805d2010 em y0chiy0120 ea | |
| 101 | 0 | @achi |
| 102 | @aCN@b220000 | |
| 105 | @aa z 000fy | |
| 106 | @ar | |
| 200 | 1 | @a猫鼠一家@Amao shu yi jia@f任绍伟主编@Fzhu bian ren shao wei |
| 210 | @a长春@c时代文艺出版社@d2010.01 | |
| 215 | @a198页@c图@d19cm | |
| 225 | 2 | @a幽默笑话系列丛书@Ayou mo xiao hua xi lie cong shu |
| 330 | @a本书语言通俗优美,内容简洁精致,结构科学严谨,版式新颖别致,插图鲜亮生动,能让中小学生朋友在阅读过程中轻松愉快地理解书中的深刻含义,也适合他们在今后不同成长阶段反复品读。 | |
| 410 | 0 | @12001 @a幽默笑话系列丛书 |
| 606 | 0 | @a笑话@Axiao hua@y中国@z现代@j选集 |
| 690 | @aI277.8@v4 | |
| 701 | 0 | @a任绍伟@Aren shao wei@4主编 |
| 801 | 0 | @aCN@bQSSK@c20100805 |
| 905 | @b786197-99@dI277.8@eR537@f3 | |
| 猫鼠一家/任绍伟主编.-长春:时代文艺出版社,2010.01 |
| 198页:图;19cm.-(幽默笑话系列丛书) |
| ISBN 978-7-5387-2872-9:CNY9.80 |
| 本书语言通俗优美,内容简洁精致,结构科学严谨,版式新颖别致,插图鲜亮生动,能让中小学生朋友在阅读过程中轻松愉快地理解书中的深刻含义,也适合他们在今后不同成长阶段反复品读。 |
| ● |
| 相关链接 |
|
|
|
正题名:猫鼠一家
索取号:I277.8/R537
 
预约/预借
| 序号 | 登录号 | 条形码 | 馆藏地/架位号 | 状态 | 备注 |
| 1 | 786197 | 207861973 | 文学库116/116文学库 13排1列1层/ [索取号:I277.8/R537] | 在馆 | |
| 2 | 786198 | 207861982 | 文学库116/116文学库 13排1列1层/ [索取号:I277.8/R537] | 在馆 | |
| 3 | 786199 | 207861991 | 文学库116/116文学库 13排1列1层/ [索取号:I277.8/R537] | 在馆 |